000
00262nam a22001217a 4500
008
181101b xxu||||| |||| 00| 0 eng d
041
_a
eng
080
_2
6th
_a
821
100
_a
23
101
_a
GJU
245
_a
Index To English
_c
Ebbit.W.R
942
_2
udc
_c
BK
999
_c
51552
_d
51552